000
00197nam a2200097Ia 4500
008
240331s9999 xx 000 0 und d
082
_b
JAY
100
_a
Jayakody,J
245
0
_a
Nuraginna
942
_c
L
999
_c
5346
_d
5346